| 000 | 00985ngm a22002770a 4500 | ||
|---|---|---|---|
| 001 | PT15540 | ||
| 003 | AR-LpoUNG | ||
| 005 | 20210202000159.0 | ||
| 007 | vd cvaizq | ||
| 008 | 191001s1964||||ag |||||||||||||||||ita d | ||
| 037 | _c$6.6 | ||
| 040 |
_aAR-LpoUNG _bspa _cAR-LpoUNG _eaacr |
||
| 041 | _aita | ||
| 044 | _aag | ||
| 082 | 0 | _a226.2 283eva | |
| 100 | 1 |
_aPasolini, Pier Paolo _edir. |
|
| 245 | 1 | 3 | _aEl evangelio según San Mateo |
| 260 |
_aBuenos Aires : _bYesterday Video Home, _c1964. |
||
| 300 | _aVHS (120 min.) : son., byn | ||
| 505 | 0 | _aFotografía: Tonino Delli Colli. | |
| 520 | _aBiografia de Cristo según el evangelista San Mateo, que enfatiza los argumentos y las actitudes de un Redentor militante, humano en su peregrinar por Canaán -Palestina-, derribando fariseos e incitando a sus acólitos contra los mercaderes del gran templo, para quienes no contempla perdón. | ||
| 650 | 4 | _aRELIGION | |
| 653 | _aVIDEOS | ||
| 905 | _a15540 | ||
| 942 | _cVIDEO | ||
| 999 |
_c54270 _d54270 |
||